| Tag |
First Indicator |
Second Indicator |
Subfields |
| LEADER |
00000cam a2200000 4500 |
| 001 |
in00000307247 |
| 005 |
20151010143703.0 |
| 008 |
720831s1961 nyu r 00000 eng |
| 010 |
|
|
|a 61011435
|
| 035 |
|
|
|a (OCoLC)00397160
|
| 035 |
|
|
|9 ABH5668AM
|
| 040 |
|
|
|c WSU
|d TXA
|d UtOrBLW
|
| 049 |
|
|
|a TXAM
|c 1 [912140], 2 [343037]
|
| 050 |
|
0 |
|a DS1
|b .C572
|
| 082 |
0 |
|
|a 950.06273
|
| 110 |
2 |
|
|a Asia Society.
|
| 245 |
1 |
0 |
|a American institutions and organizations interested in Asia :
|b a reference directory /
|c Editor: Ward Morehouse; assistant editor: Edith Ehrman.
|
| 250 |
|
|
|a 2d ed.
|
| 264 |
|
1 |
|a New York :
|b Taplinger Pub. Co.,
|c 1961.
|
| 300 |
|
|
|a xii, 581 pages ;
|c 24 cm.
|
| 336 |
|
|
|a text
|b txt
|2 rdacontent
|
| 337 |
|
|
|a unmediated
|b n
|2 rdamedia
|
| 338 |
|
|
|a volume
|b nc
|2 rdacarrier
|
| 500 |
|
|
|a First edition, 1957, compiled by the Conference on Asian Affairs.
|
| 651 |
|
0 |
|a Asia
|x Societies, etc.
|x Directories.
|
| 700 |
1 |
|
|a Morehouse, Ward,
|d 1929-
|
| 710 |
2 |
|
|a Conference on Asian Affairs, Inc.
|t American institutions and organizations interested in Asia.
|
| 999 |
|
|
|a MARS
|
| 999 |
f |
f |
|s 7220fd79-a3d3-3784-bf08-f9b2b8169991
|i 46827fcf-9d9a-349b-8b24-10441a94ff4f
|t 0
|
| 952 |
f |
f |
|p ric
|a Texas A&M University
|b Rellis Campus
|c Joint Library Facility
|s JLF
|d Remote Storage
|t 0
|e DS1 .C572
|h Library of Congress classification
|i unmediated -- volume
|m A14805868832
|
| 998 |
f |
f |
|a DS1 .C572
|t 0
|l Remote Storage
|